The World Bank policy on indigenous peoples : India consultations on the approach paper for revision of operational directive 4.20 (Record no. 76307)

MARC details
000 -LEADER
fixed length control field 00632nam a2200181Ia 4500
008 - FIXED-LENGTH DATA ELEMENTS--GENERAL INFORMATION
fixed length control field 191130s1999##################000#0#eng##
082 ## - DEWEY DECIMAL CLASSIFICATION NUMBER
Classification number 302.4 SAT
100 ## - MAIN ENTRY--AUTHOR NAME
Personal name Satish, S
245 ## - TITLE STATEMENT
Title The World Bank policy on indigenous peoples : India consultations on the approach paper for revision of operational directive 4.20
Statement of responsibility, etc Jakob Kronik, Dorte Verner
260 ## - PUBLICATION, DISTRIBUTION, ETC. (IMPRINT)
Place of publication India
Name of publisher SASSD
Year of publication 1999
300 ## - PHYSICAL DESCRIPTION
Number of Pages 69 p. 30 cm
500 ## - GENERAL NOTE
General note Includes bibliographical references and index
650 ## - SUBJECT ADDED ENTRY--TOPICAL TERM
Topical Term Indigenous peoples -- India
991 ## -
-- 218680
Holdings
Withdrawn status Lost status Damaged status Not for loan Home library Current library Shelving location Date acquired Full call number Accession Number Price effective from Koha item type
        Anna Centenary Library Anna Centenary Library 3RD FLOOR, B WING 09.10.2020 302.4 SAT 549087 09.10.2020 English Books
        Anna Centenary Library Anna Centenary Library 3RD FLOOR, B WING 09.10.2020 302.4 SAT 549088 09.10.2020 English Books

Find us on the map